Festivalu horských filmov dajú cveng hostia zvučných mien príde aj osobný priateľ tibetského dalajlámu ...

Bibliographic Details
Main Author: Kováčiková, Mira, 1964- (Author)
Format: Article
Language:Slovak
PhysicalDescription:Fotogr.
ISSN:1335-7573
Subjects:
Online Access:www.korzar.sk

MARC

LEADER 00000nab a2200000 ar4500
001 vtls009000027
003 SK-MaSNL
005 20260303064843.0
008 070619c2007 xo dr|p|||||||000 ||slo
038 |a PPPK 
040 |a PPPKCL  |b slo  |c PPPK  |e AACR2 
041 0 |a slo 
044 |a xo  |c SK 
080 |a 791.43.079  |x (23.0)  |2 2001 
100 1 |a Kováčiková, Mira,  |d 1964-  |4 aut  |9 101018 
245 1 0 |a Festivalu horských filmov dajú cveng hostia zvučných mien  |b príde aj osobný priateľ tibetského dalajlámu ...  |c Mira Kováčiková 
300 |b Fotogr. 
611 1 7 |a Medzinárodný festival horských filmov  |n (14. :  |d 2006 :  |c Poprad, Slovensko)  |2 pppkcl  |9 1042570 
650 0 7 |a horské filmy  |2 pppkcl  |9 74357 
651 7 |a Poprad (Slovensko)  |2 pppkcl  |9 20155 
773 0 |t Tatranský denník Korzár  |g Roč. VIII, č. 213 (16.9.2006), s. 3  |x 1335-7573 
852 |a PPPK  |b KIS3GCP 
856 |u www.korzar.sk 
999 |c 1748825  |d 1750755